LEADER 00809nam0-22003011i-450- 001 990005277180403321 005 20050726145818.0 035 $a000527718 035 $aFED01000527718 035 $a(Aleph)000527718FED01 035 $a000527718 100 $a19990604d1976----km-y0itay50------ba 101 1 $aita 105 $ay-------001yy 200 1 $aGesł Cristo$eStoria e annuncio$fZimmermann Heinrich 210 $aTorino$cMarietti$dc.1976 215 $a224 p.$d25 cm 225 1 $aCollana Biblica 610 0 $aGESŁ CRISTO 676 $a232$v21$zita 700 1$aZimmermann,$bHeinrich$0397225 801 0$aIT$bUNINA$gRICA$2UNIMARC 901 $aBK 912 $a990005277180403321 952 $a232 ZIM 1$bST.REL. 1460$fFLFBC 959 $aFLFBC 996 $aGesł Cristo$9538854 997 $aUNINA LEADER 01020nam0-2200301---450- 001 990009395750403321 005 20110729181043.0 035 $a000939575 035 $aFED01000939575 035 $a(Aleph)000939575FED01 035 $a000939575 100 $a20110712d1988----km-y0itay50------ba 101 0 $aita 102 $aIT 200 1 $a<>foresta delle piogge$bVideoregistrazione$eincontro ravvicinato con le piccole e grandi meraviglie nelle foreste tropicali del Costarica$funa produzione National Geographic Society 210 $aMilano$cStarlight$dc1988 215 $a1 videocassetta (VHS) (ca. 60 min.)$ccol., son. 225 1 $aNational geographic video$v1012 300 $aDescrizione basata sul contenitore 610 0 $aForeste tropicali 710 02$aNational Geographic Society$0324924 801 0$aIT$bUNINA$gRICA$2UNIMARC 901 $aVM 912 $a990009395750403321 952 $aIV C 246.1012$b10539$fDMVSF 959 $aDMVSF 996 $aForesta delle piogge$9763607 997 $aUNINA